00725nam a2200205Ia 4500008004100000040001800041041000800059100002600067245017000093260005400263300001800317490002500335650003100360650001500391650001300406650002300419650002500442700002800467700002400495130821s1967 ck gr spa  aCo-BoUCMbspa aspa1 aBravo A., Juan Rafael10aCompilación de normas sobre hacienda públicacJuan Rafael Bravo A. ; asistente de compilación Sr. Mario Jaramillo ; colaboradores Mario A. Jiménez...[et al.] aBogotá (Colombia)bEdiciones Rosarístasc1967 a565 páginas aColección principe04aAdministración pública04aEconomía04aFinanzas04aHacienda pública04aPresupuesto nacional1 aJaramillo, Marioecomp.1 aJiménez, Mario A.